Loading...
| Current Events | 1 | 30.00 | 100% | 100% | 100% |
| Fine Arts - Classical Music | 2 | 20.00 | 50% | 100% | 50% |
| Fine Arts - Other | 3 | 13.33 | 67% | 33% | 33% |
| Fine Arts - Painting and Sculpture | 3 | 6.67 | 67% | 0% | 0% |
| Geography | 1 | 0.00 | 0% | 0% | 0% |
| History - American | 2 | 10.00 | 100% | 0% | 0% |
| History - European | 5 | 14.00 | 100% | 40% | 0% |
| History - Other | 5 | 10.00 | 100% | 0% | 0% |
| History - World | 4 | 7.50 | 50% | 25% | 0% |
| Literature - American | 4 | 10.00 | 75% | 25% | 0% |
| Literature - British | 2 | 0.00 | 0% | 0% | 0% |
| Literature - European | 2 | 10.00 | 100% | 0% | 0% |
| Literature - World | 3 | 6.67 | 67% | 0% | 0% |
| Mythology | 3 | 16.67 | 67% | 67% | 33% |
| Other Academic | 2 | 15.00 | 100% | 0% | 50% |
| Philosophy | 1 | 10.00 | 100% | 0% | 0% |
| Pop Culture | 1 | 20.00 | 100% | 100% | 0% |
| Religion | 1 | 0.00 | 0% | 0% | 0% |
| Science - Biology | 5 | 12.00 | 100% | 20% | 0% |
| Science - Chemistry | 3 | 16.67 | 100% | 67% | 0% |
| Science - Other | 4 | 15.00 | 100% | 50% | 0% |
| Science - Physics | 4 | 12.50 | 100% | 25% | 0% |
| Social Science | 2 | 10.00 | 100% | 0% | 0% |